000 00914nam a2200253 a 4500
005 20070119085348.0
008 060831s2006 ii b 000 0 eng
010 _aENG-91371
020 _c30.00
_a9788177354515
035 _aEN-74904
037 _bDBAD / PUB
040 _adpl
_bEnglish
082 _a546.226
100 _aKarthika, U.
245 _aWater quality analysis /
_cby U. Karthika
260 _aChennai
_bPavai Publications
_c2007
300 _a56p.
_c22cm (pbk)
500 _aIncludes bibliographical references
520 _aHistory of Kashmiri Pandits and Kashmir, India.
650 _2
_aWater quality
_xMeasurement
650 _2
_aWater
_xanalysis
942 _2ddc
_cEN
_mKAR
_h546.226
999 _c16871
_d16871